Modeling and simulation of doubly fed induction generator based wind energy conversion system (Record no. 12715)
[ view plain ]
| 000 -LEADER | |
|---|---|
| fixed length control field | 00530nam a22001457a 4500 |
| 082 ## - DEWEY DECIMAL CLASSIFICATION NUMBER | |
| Classification number | BEE-5 HAS |
| 100 ## - MAIN ENTRY--PERSONAL NAME | |
| Personal name | Hassan Ali Shah |
| 9 (RLIN) | 93077 |
| 245 ## - TITLE STATEMENT | |
| Title | Modeling and simulation of doubly fed induction generator based wind energy conversion system |
| 260 ## - PUBLICATION, DISTRIBUTION, ETC. | |
| Place of publication, distribution, etc. | Islamabad |
| Name of publisher, distributor, etc. | NUST School of Electrical Engineering and Computer Science |
| Date of publication, distribution, etc. | 2013 |
| 300 ## - PHYSICAL DESCRIPTION | |
| Extent | 35p. : |
| Accompanying material | CD-ROM |
| 500 ## - GENERAL NOTE | |
| General note | Supervisor: Dr. Syed Muhammad Raza Kazmi |
| 563 ## - BINDING INFORMATION | |
| Binding note | HB |
| 856 ## - ELECTRONIC LOCATION AND ACCESS | |
| Uniform Resource Identifier | <a href="http://10.250.8.41:8080/xmlui/handle/123456789/8919">http://10.250.8.41:8080/xmlui/handle/123456789/8919</a> |
| 942 ## - ADDED ENTRY ELEMENTS (KOHA) | |
| Koha item type | Project Report |
| Source of classification or shelving scheme | |
| Withdrawn status | Lost status | Source of classification or shelving scheme | Damaged status | Not for loan | Permanent Location | Current Location | Shelving location | Date acquired | Total Checkouts | Full call number | Barcode | Date last seen | Date last checked out | Price effective from | Koha item type |
|---|---|---|---|---|---|---|---|---|---|---|---|---|---|---|---|
| WITHDRAWN | Central Library (CL) | Central Library (CL) | General Stacks | 02/12/2014 | 1 | BEE-5 HAS | SEECSP01330 | 06/13/2015 | 09/30/2014 | 02/12/2014 | Book |
